La Virgen de Guadalupe dolorosa : (Registro nro. 64309)
[ vista simple ]
| 000 -LEADER | |
|---|---|
| fixed length control field | 01336cam a2200325 i 4500 |
| 001 - CONTROL NUMBER | |
| control field | 64309 |
| 003 - CONTROL NUMBER IDENTIFIER | |
| control field | Mx-PuUPA |
| 005 - DATE AND TIME OF LATEST TRANSACTION | |
| control field | 20220920084226.0 |
| 008 - FIXED-LENGTH DATA ELEMENTS--GENERAL INFORMATION | |
| fixed length control field | 151007s2020 mx ad grb 000 0 spa d |
| 020 ## - INTERNATIONAL STANDARD BOOK NUMBER | |
| Canceled/invalid ISBN | 9786078631292 |
| 040 ## - CATALOGING SOURCE | |
| Original cataloging agency | Mx-PuUPA |
| Language of cataloging | spa |
| Description conventions | Mx-PuUPA |
| Transcribing agency | Mx-PuUPA |
| Modifying agency | rda |
| 041 0# - LANGUAGE CODE | |
| Language code of text/sound track or separate title | spa |
| 245 13 - TITLE STATEMENT | |
| Title | La Virgen de Guadalupe dolorosa : |
| Remainder of title | desde una mirada multidisciplinaria / |
| Statement of responsibility, etc. | Beatriz Rodríguez Arroyo, Rocío Hitzel Fierro Trujillo, coordinadoras |
| 250 ## - EDITION STATEMENT | |
| Edition statement | Primera edicion / |
| Remainder of edition statement | marzo |
| 264 #1 - PRODUCTION, PUBLICATION, DISTRIBUTION, MANUFACTURE, AND COPYRIGHT NOTICE | |
| Place of production, publication, distribution, manufacture | Puebla, México : |
| Name of producer, publisher, distributor, manufacturer | Universidad Popular Autónoma del Estado de Puebla, |
| Date of production, publication, distribution, manufacture, or copyright notice | 2020 |
| 300 ## - PHYSICAL DESCRIPTION | |
| Extent | 142 páginas : |
| Other physical details | ilustraciones, diagramas ; |
| Dimensions | 23 cm |
| 336 ## - CONTENT TYPE | |
| Content type term | texto |
| Content type code | txt |
| Fuente | rdacontent |
| 337 ## - MEDIA TYPE | |
| Media type term | sin medio |
| Media type code | n |
| Source | rdamedia |
| 338 ## - CARRIER TYPE | |
| Carrier type term | volumen |
| Carrier type code | nc |
| Source | rdacarrier |
| 600 14 - SUBJECT ADDED ENTRY--PERSONAL NAME | |
| Personal name | Virgen de Guadalupe |
| Geographic subdivision | México |
| General subdivision | Arte |
| -- | Historia |
| 600 14 - SUBJECT ADDED ENTRY--PERSONAL NAME | |
| Personal name | Virgen María |
| General subdivision | Iconografía |
| -- | Investigación |
| 600 14 - SUBJECT ADDED ENTRY--PERSONAL NAME | |
| Personal name | Virgen de Guadalupe |
| General subdivision | Iconografía |
| -- | Análisis |
| 600 14 - SUBJECT ADDED ENTRY--PERSONAL NAME | |
| Personal name | Virgen de Guadalupe |
| General subdivision | Pintura mexicana |
| 700 1# - ADDED ENTRY--PERSONAL NAME | |
| 9 (RLIN) | 13205 |
| Personal name | Rodríguez Arroyo, Beatriz, |
| Relator term | coordinador |
| 700 1# - ADDED ENTRY--PERSONAL NAME | |
| Personal name | Fierro Trujillo, Rocío Hitzel, |
| Relator term | coordinador |
| 942 ## - ADDED ENTRY ELEMENTS (KOHA) | |
| Source of classification or shelving scheme | Dewey Decimal Classification |
| Koha item type | Libro |
| Classification part | 704.94855 |
| Item part | V813 |
| Withdrawn status | Lost status | Source of classification or shelving scheme | Damaged status | Not for loan | Collection code | Home library | Current library | Shelving location | Date acquired | Source of acquisition | Total Checkouts | Full call number | Barcode | Date last seen | Price effective from | Koha item type | Copy number |
|---|---|---|---|---|---|---|---|---|---|---|---|---|---|---|---|---|---|
| Dewey Decimal Classification | Consulta en sala | UPAEP | Biblioteca Karol Wojtyla | Biblioteca Karol Wojtyla | Sala "Colecciones Especiales" | 03/12/2013 | Compra | 704.94855 V813 2020 | 48854 | 05/01/2026 | 03/12/2013 | Libro | |||||
| Dewey Decimal Classification | General | Biblioteca Karol Wojtyla | Biblioteca Karol Wojtyla | Sala general | 03/12/2013 | Compra | 704.94855 V813 2020 | 49177 | 05/01/2026 | 03/12/2013 | Libro | Ej.3 | |||||
| Dewey Decimal Classification | General | Biblioteca Karol Wojtyla | Biblioteca Karol Wojtyla | Sala general | 03/12/2013 | Compra | 704.94855 V813 2020 | 48855 | 05/01/2026 | 03/12/2013 | Libro | Ej.2 |